| 000 | 00704nam a22002297a 4500 | ||
|---|---|---|---|
| 999 |
_c17542 _d17542 |
||
| 003 | AR-CdUCM | ||
| 008 | 190508b ||||| |||| 00| 0 spa d | ||
| 040 |
_aMUNICIPALIDAD PROVINCIAL DEL CUSCO _cBIBLIOTECA MUNICIPAL DEL CUSCO |
||
| 041 | _hger | ||
| 082 |
_24ed. _a838.9 / _bF94 |
||
| 100 |
_aFülöp-Miller, René _937611 |
||
| 245 | _aRasputín y las mujeres / | ||
| 260 |
_aBuenos Aires : _bEdiciones Selectas, _c1965. |
||
| 300 |
_a366 páginas ; _c20 cm. |
||
| 505 | _aContenido: Novelas. | ||
| 650 |
_aNovelas alemanas _92845 |
||
| 650 |
_aLiteratura Alemana _993 |
||
| 650 |
_aSiglo XX _98 |
||
| 700 |
_aKemp, Willy (traducción) _937612 |
||
| 942 |
_2ddc _cLIBROS |
||
| 945 |
_aachl _d2019-05-08 |
||